000 00323nam a22001337a 4500
008 170622b xxu||||| |||| 00| 0 eng d
020 _a684413558
041 _aeng
080 _a32
100 _a21
101 _aSHP
245 _aTHE AMERICAN POLITICAL SYSTEM INTRODUCTORY READINGS
_cMASANNAT.G.S
942 _2udc
_cBK
999 _c18652
_d18652